Suomen korkeimmat - Statistics

Yleistilastot
  • Tätä visaa on pelattu 44 kertaa
  • Keskiarvotulos 7 / 20
Vastaustilastot
% Oikein
Korkein kohta (1324m) Halti
97%
Korkein nisäkäs (säkäkorkeus yli 2m) Hirvi
66%
Korkein koulutusaste Tohtorintutkinto
61%
Korkein ikä kuollessa (Lempi Rothovius) 112 vuotta 259 päivää
58%
Korkein sotilasarvo maa- ja ilmavoimissa Kenraali
53%
Korkein ikä voittaessaan olympiamitalin (Ernst Westerlund, purjehdus, Helsinki 1952) 59 vuotta
45%
Korkein sotilasarvo merivoimissa Amiraali
42%
Korkein jalkapallon sarjataso Veikkausliiga
42%
Korkein lääkärin titteli Arkkiatri
39%
Korkein striimausluku suomalaisella kappaleella (yli 500 milj.) Darude - Sandstorm
39%
Korkein jääkiekon sarjataso Liiga
39%
Korkein valtiollinen virka Tasavallan presidentti
26%
Korkein lämpötila (Liperissä 2010) 37,2
13%
Korkein oikeusviranomainen Korkeimman oikeuden presidentti
8%
Korkein asuinrakennus (134m) Majakka-tornitalo
5%
Korkein hyppyrimäki Ruka HS142 suurmäki
5%
Korkein rakennelma (327m) Tiirismaan masto / Haapaveden masto
5%
Korkein kirkko (97m) Mikael Agricolan kirkko
3%
Korkein taidepalkinto Pro Finlandia -mitali
3%
Korkein kohta maantiellä (565,8m) Muotkatakka
0%
Ehtoja vastaavia visoja ei löytynyt
Tulosjakauma
Jokaisen tuloksen saaneiden osuus
Persentiili vastausten määrän mukaan
Tuloshistoriasi
Et ole pelannut tätä visaa